[Event "Mittelfrankenliga 05/06 (B2a)"]
[Site "Mfr.2005/06-R2"]
[Date "2005.11.20"]
[Round "2.8"]
[White "Runde, Eduard"]
[Black "Bruckner, Paul"]
[Result "1/2-1/2"]
[WhiteElo "1623"]
[BlackElo "1601"]
[Annotator "Neumarkt1-SF Fürth2"]
[PlyCount "97"]
[EventDate "2005.11.20"]
[SourceDate "2005.10.17"]

1. e4 c5 2. Nf3 d6 3. d4 cxd4 4. Nxd4 Nf6 5. Nc3 a6 6. Bd3 Nc6 7. Nxc6 bxc6 8.
a3 e6 9. Qf3 Bb7 10. Be3 Be7 11. Rd1 Qc7 12. O-O O-O 13. Rfe1 c5 14. Bc4 Bc6
15. b3 Qb7 16. Bc1 Nd7 17. Qg3 Kh8 18. f4 Bf6 19. Bb2 Bd4+ 20. Kh1 Nb6 21. Be2
Rad8 22. Bf3 a5 23. Ba1 e5 24. Nd5 Bxd5 25. exd5 Bxa1 26. Rxa1 f6 27. c4 Nc8
28. f5 Ne7 29. Be4 Qd7 30. Qf3 Rg8 31. g4 Rdf8 32. Rf1 g6 33. Rf2 gxf5 34. gxf5
Rg5 35. h4 Rg7 36. Rg1 Rxg1+ 37. Kxg1 Rg8+ 38. Rg2 Rxg2+ 39. Kxg2 Qd8 40. Qc3
Kg8 41. Qd2 Qc7 42. Kh3 Qd8 43. Qe3 Qb6 44. a4 Qb7 45. Bc2 Qb6 46. Qd2 Qc7 47.
Bd1 Qb6 48. Qc3 Qc7 49. Bc2 1/2-1/2

[Event "Mittelfrankenliga 05/06 (B2b)"]
[Site "Mfr.2005/06-R2"]
[Date "2005.11.20"]
[Round "2.1"]
[White "Meyer, Friedrich[59]"]
[Black "Schulze, Hubertus"]
[Result "0-1"]
[WhiteElo "1842"]
[BlackElo "2056"]
[Annotator "NT Nbg.4-Gunzenhausen2"]
[PlyCount "126"]
[EventDate "2005.11.20"]
[SourceDate "2005.10.17"]

1. c4 b6 2. d4 Bb7 3. Nc3 e6 4. Bf4 Bb4 5. e3 d6 6. Nge2 Nd7 7. a3 Bxc3+ 8.
Nxc3 f5 9. f3 Ngf6 10. Qc2 O-O 11. Bd3 Nh5 12. O-O-O Nxf4 13. exf4 Qf6 14. Rhe1
Qxd4 15. Be4 Bxe4 16. Rxd4 Bxc2 17. Kxc2 Kf7 18. b4 a5 19. Kb3 Rfc8 20. Rd2 g6
21. Nb5 Nf8 22. Rde2 axb4 23. axb4 Ke7 24. Nd4 Kd7 25. Nxe6 Nxe6 26. Rxe6 Re8
27. R6e2 Rxe2 28. Rxe2 Ra1 29. Kb2 Rd1 30. Kc2 Rd4 31. Kc3 Rxf4 32. b5 g5 33.
Re3 g4 34. fxg4 fxg4 35. h3 h5 36. hxg4 Rxg4 37. Rh3 h4 38. Rf3 Rxg2 39. Rf7+
Kd8 40. Rh7 Rg4 41. Kd3 d5 42. cxd5 Rb4 43. Kc3 Rxb5 44. Kc4 Ra5 45. Kd4 Ra4+
46. Ke5 Kc8 47. d6 cxd6+ 48. Kxd6 Rc4 49. Kd5 b5 50. Kd6 b4 51. Kd5 Rg4 52. Kc6
Kd8 53. Kd6 Ke8 54. Ke6 Kf8 55. Kf5 Kg8 56. Rb7 Rc4 57. Kf6 h3 58. Rb8+ Kh7 59.
Rb7+ Kh6 60. Rb8 Kh5 61. Rb5+ Kh4 62. Rb8 h2 63. Kf5 Kh3 0-1

[Event "Mittelfrankenliga 05/06 (B2b)"]
[Site "Mfr.2005/06-R2"]
[Date "2005.11.20"]
[Round "2.2"]
[White "Ackermann, Robert"]
[Black "Stephan, Eberhard"]
[Result "1/2-1/2"]
[WhiteElo "1983"]
[BlackElo "1980"]
[Annotator "NT Nbg.4-Gunzenhausen2"]
[PlyCount "121"]
[EventDate "2005.11.20"]
[SourceDate "2005.10.17"]

1. e3 g6 2. c4 Bg7 3. Nc3 Nf6 4. Nf3 d5 5. cxd5 Nxd5 6. Bc4 Nxc3 7. bxc3 O-O 8.
Ba3 Nd7 9. O-O Nb6 10. Be2 c6 11. d4 Be6 12. Nd2 Nd5 13. Qc1 Qc7 14. c4 Nb6 15.
Bb4 a5 16. Ba3 Rfe8 17. Rb1 Bc8 18. Qb2 Nd7 19. c5 e5 20. Nc4 exd4 21. exd4 Qf4
22. Nd6 Bxd4 23. Qc2 Re5 24. Bc4 Nxc5 25. Nxf7 Rh5 26. g3 Qf6 27. Nd6+ Be6 28.
Nxb7 Nd7 29. Bxe6+ Qxe6 30. Qb3 Rd5 31. Rbe1 Ne5 32. Kg2 Qf7 33. Nd6 Qc7 34.
Ne4 Kg7 35. Ng5 Qd7 36. f4 Rb5 37. Qd1 Qd5+ 38. Re4 Qxa2+ 39. Kh3 Qxa3 40. Qxd4
Rd5 41. Qb6 Qe7 42. Rxe5 Rxe5 43. Qb2 Rf8 44. Nf3 a4 45. Nxe5 Qe6+ 46. Kg2 Rc8
47. Nxc6+ Kf7 48. Ne5+ Kg8 49. Rd1 g5 50. Rd3 Rf8 51. Kf3 gxf4 52. g4 Re8 53.
Kxf4 Qf6+ 54. Ke4 Qg6+ 55. Ke3 Qg5+ 56. Kf3 Qf6+ 57. Kg3 Qxe5+ 58. Qxe5 Rxe5
59. Rd8+ Kf7 60. Ra8 Re3+ 61. Kf4 1/2-1/2

[Event "Mittelfrankenliga 05/06 (B2b)"]
[Site "Mfr.2005/06-R2"]
[Date "2005.11.20"]
[Round "2.3"]
[White "Kiersch, Helmut"]
[Black "Pranschke, Gerd"]
[Result "0-1"]
[WhiteElo "1898"]
[BlackElo "1963"]
[Annotator "NT Nbg.4-Gunzenhausen2"]
[PlyCount "56"]
[EventDate "2005.11.20"]
[SourceDate "2005.10.17"]

1. e4 c5 2. Nf3 e6 3. d4 cxd4 4. Nxd4 a6 5. Be2 Qc7 6. Be3 Nf6 7. Nd2 Nc6 8.
O-O Be7 9. f4 d6 10. c4 Bd7 11. Rc1 O-O 12. Qe1 Rfd8 13. Qg3 Qa5 14. Nxc6 Bxc6
15. e5 Ne4 16. Nxe4 Bxe4 17. a3 d5 18. cxd5 Rxd5 19. Qf2 Qd8 20. Bc4 Rd7 21.
Bb6 Qe8 22. Bb3 Bc6 23. f5 Bg5 24. fxe6 fxe6 25. Rcd1 Qg6 26. Bc5 Be7 27. Rxd7
Bxc5 28. Qxc5 Qxg2# 0-1

[Event "Mittelfrankenliga 05/06 (B2b)"]
[Site "Mfr.2005/06-R2"]
[Date "2005.11.20"]
[Round "2.4"]
[White "Lutzky, Manfred"]
[Black "Enderlein, Hermann"]
[Result "1-0"]
[WhiteElo "1843"]
[BlackElo "1937"]
[Annotator "NT Nbg.4-Gunzenhausen2"]
[PlyCount "25"]
[EventDate "2005.11.20"]
[SourceDate "2005.10.17"]

1. e4 b6 2. d4 Bb7 3. Bd3 f5 4. f3 fxe4 5. fxe4 e6 6. Nf3 Nf6 7. e5 Nd5 8. O-O
Be7 9. Ng5 Nf6 10. exf6 Bxf6 11. Qh5+ g6 12. Bxg6+ Ke7 13. Rxf6 1-0

[Event "Mittelfrankenliga 05/06 (B2b)"]
[Site "Mfr.2005/06-R2"]
[Date "2005.11.20"]
[Round "2.5"]
[White "Fising, Robert"]
[Black "Horstmann, Astrid"]
[Result "1-0"]
[WhiteElo "1629"]
[BlackElo "1710"]
[Annotator "NT Nbg.4-Gunzenhausen2"]
[PlyCount "43"]
[EventDate "2005.11.20"]
[SourceDate "2005.10.17"]

1. Nf3 Nf6 2. g3 c5 3. Bg2 d5 4. O-O Nc6 5. d4 h6 6. b3 cxd4 7. Nxd4 e5 8. Nxc6
bxc6 9. c4 Bb7 10. cxd5 cxd5 11. Bb2 Qc7 12. Na3 a6 13. Rc1 Qb8 14. b4 Be7 15.
Qa4+ Nd7 16. Bh3 Bc8 17. Bxe5 Bd6 18. Rxc8+ Qxc8 19. Bxd6 Kd8 20. Qa5+ Ke8 21.
Qxd5 h5 22. Qe4+ 1-0

[Event "Mittelfrankenliga 05/06 (B2b)"]
[Site "Mfr.2005/06-R2"]
[Date "2005.11.20"]
[Round "2.6"]
[White "Kelm, Klaus"]
[Black "Reichert, Romuald"]
[Result "1-0"]
[WhiteElo "1881"]
[BlackElo "1747"]
[Annotator "NT Nbg.4-Gunzenhausen2"]
[PlyCount "109"]
[EventDate "2005.11.20"]
[SourceDate "2005.10.17"]

1. Nf3 d5 2. g3 Nf6 3. Bg2 Nbd7 4. O-O e5 5. d3 Be7 6. Nbd2 O-O 7. c3 c6 8. Qc2
Re8 9. a4 Bf8 10. e4 dxe4 11. dxe4 Nc5 12. b4 Qd3 13. Ne1 Qxc2 14. Nxc2 Ne6 15.
Nc4 Nc7 16. Rd1 Be6 17. N2e3 Ng4 18. Bf1 Rad8 19. Rxd8 Rxd8 20. f3 Nxe3 21.
Bxe3 Bxc4 22. Bxc4 b6 23. Kf2 Be7 24. Ke2 Kf8 25. f4 Bd6 26. Rd1 Ke7 27. h3 f6
28. f5 Ne8 29. g4 Bc7 30. Rxd8 Bxd8 31. h4 Nd6 32. Kd3 Nxc4 33. Kxc4 Kd6 34.
Bc1 h6 35. Be3 Kc7 36. a5 b5+ 37. Kb3 Be7 38. Bxa7 Kb7 39. Be3 Ka6 40. Kc2 Bd6
41. Kb3 Be7 42. Bb6 Bf8 43. Kc2 Be7 44. Kd2 Kb7 45. Ke3 Ka6 46. Kf3 Kb7 47. Be3
Ka6 48. g5 h5 49. Ke2 Kb7 50. g6 Ka6 51. Kd2 Bd6 52. Bb6 Be7 53. Kc2 Bd6 54.
Bd8 Kb7 55. Bxf6 1-0

[Event "Mittelfrankenliga 05/06 (B2b)"]
[Site "Mfr.2005/06-R2"]
[Date "2005.11.20"]
[Round "2.7"]
[White "Jaeger, Peter[63]"]
[Black "Suess, Helmut"]
[Result "1/2-1/2"]
[WhiteElo "1799"]
[BlackElo "1812"]
[Annotator "NT Nbg.4-Gunzenhausen2"]
[PlyCount "70"]
[EventDate "2005.11.20"]
[SourceDate "2005.10.17"]

1. d4 Nf6 2. f3 d5 3. Bg5 Bf5 4. Nd2 Nbd7 5. e3 h6 6. Bh4 c6 7. Ne2 Qb6 8. b3
e6 9. Bf2 Qc7 10. Ng3 Bh7 11. Qc1 Qa5 12. a3 Bd6 13. b4 Qa4 14. c4 a5 15. c5
Bxg3 16. Bxg3 axb4 17. Bd6 Qc2 18. axb4 Qxc1+ 19. Rxc1 Kd8 20. Be2 Ne8 21. Bg3
Ndf6 22. Nb3 Ra4 23. b5 cxb5 24. c6 bxc6 25. Rxc6 Rb4 26. Rc3 Nd7 27. Kd2 Nb6
28. Ra1 Na4 29. Bxb5 Nxc3 30. Ra8+ Ke7 31. Ra7+ Kf6 32. Be5+ Kg5 33. Bf4+ Kf6
34. Be5+ Kg5 35. Bf4+ Kf6 1/2-1/2

[Event "Mittelfrankenliga 05/06 (B2b)"]
[Site "Mfr.2005/06-R2"]
[Date "2005.11.20"]
[Round "2.7"]
[White "Zippel, Harald"]
[Black "Gajewski, Richard"]
[Result "1/2-1/2"]
[WhiteElo "1790"]
[BlackElo "1589"]
[Annotator "NT Nbg.4-Gunzenhausen2"]
[PlyCount "68"]
[EventDate "2005.11.20"]
[SourceDate "2005.10.17"]

1. e4 e6 2. d4 b6 3. c4 Bb7 4. Nc3 Bb4 5. Bd3 f5 6. d5 fxe4 7. Bxe4 Qh4 8. Qe2
Nf6 9. Bf3 O-O 10. Nh3 exd5 11. O-O Bxc3 12. bxc3 Ba6 13. Qe5 Qxc4 14. Bg5 Nc6
15. Qxc7 Rac8 16. Qd6 Qxc3 17. Bxf6 Rxf6 18. Qxd5+ Kh8 19. Rfe1 Nd4 20. Ng5
Nxf3+ 21. Nxf3 Qc6 22. Qh5 Rcf8 23. Re8 Bb7 24. Rae1 h6 25. Rxf8+ Rxf8 26. h3
Qf6 27. Re3 d5 28. Qg4 Kh7 29. Qa4 a6 30. Qb4 b5 31. a4 Rf7 32. axb5 g5 33.
bxa6 Bxa6 34. Re8 h5 1/2-1/2

[Event "Mittelfrankenliga 05/06 (B2b)"]
[Site "Mfr.2005/06-R2"]
[Date "2005.11.20"]
[Round "2.1"]
[White "Kendzia, Nikolai"]
[Black "Witt, Alfred"]
[Result "0-1"]
[WhiteElo "1902"]
[BlackElo "1930"]
[Annotator "Ansbach1-Postbauer2"]
[PlyCount "104"]
[EventDate "2005.11.20"]
[SourceDate "2005.10.17"]

1. e4 e5 2. Nf3 Nc6 3. Bc4 Nf6 4. Ng5 Bc5 5. Bxf7+ Ke7 6. Bd5 Rf8 7. O-O h6 8.
d4 Nxd4 9. c3 Nc6 10. b4 Bb6 11. a4 a6 12. Nf3 d6 13. Qd3 g5 14. Be3 Bxe3 15.
Qxe3 Be6 16. Bxe6 Kxe6 17. Na3 Qe8 18. Nc4 Qh5 19. Nfd2 Ng4 20. Qh3 Qxh3 21.
gxh3 Nf6 22. Ne3 Ne7 23. f3 Nh5 24. c4 Nf4 25. Nd5 Nexd5 26. cxd5+ Kd7 27. b5
Nxh3+ 28. Kh1 axb5 29. axb5 Nf4 30. Nc4 b6 31. Ne3 Ne2 32. Nf5 h5 33. Ra6 Rxa6
34. bxa6 Ra8 35. Ra1 b5 36. Ne3 Ra7 37. Nc2 Nd4 38. Nxd4 exd4 39. Kg2 c5 40.
dxc6+ Kxc6 41. h4 gxh4 42. Kh3 Kb6 43. Kxh4 Rxa6 44. Rd1 Kc5 45. f4 Kc4 46. f5
d3 47. f6 Kc3 48. f7 Ra8 49. Kxh5 d2 50. Kg6 Kc2 51. Rxd2+ Kxd2 52. Kg7 Ke3 0-1

[Event "Mittelfrankenliga 05/06 (B2b)"]
[Site "Mfr.2005/06-R2"]
[Date "2005.11.20"]
[Round "2.2"]
[White "Kiefer, Johannes"]
[Black "Naegelein, Andreas"]
[Result "0-1"]
[WhiteElo "1753"]
[BlackElo "1820"]
[Annotator "Ansbach1-Postbauer2"]
[PlyCount "68"]
[EventDate "2005.11.20"]
[SourceDate "2005.10.17"]

1. e4 e5 2. c4 Nf6 3. Nc3 Bc5 4. h3 O-O 5. g3 d6 6. Bg2 c6 7. Nge2 Be6 8. d3 a6
9. a4 Qa5 10. Bd2 Bb4 11. O-O Nbd7 12. Kh2 Nc5 13. Be3 Rad8 14. Bg5 Ncd7 15.
Na2 h6 16. Be3 d5 17. Nxb4 Qxb4 18. Bd2 Qb6 19. a5 Qa7 20. cxd5 cxd5 21. Bb4
Rfe8 22. f4 dxe4 23. f5 Bd5 24. Nc3 Nc5 25. Bxc5 Qxc5 26. Ra4 exd3 27. Nxd5
Nxd5 28. Rg4 Nf6 29. Rh4 e4 30. Qa4 Qc2 31. Qa1 d2 32. b4 d1=Q 33. Rxd1 Rxd1
34. Qa3 Rd2 0-1

[Event "Mittelfrankenliga 05/06 (B2b)"]
[Site "Mfr.2005/06-R2"]
[Date "2005.11.20"]
[Round "2.3"]
[White "Firla, Erwin"]
[Black "Kiefer, Herbert"]
[Result "1-0"]
[WhiteElo "1944"]
[BlackElo "1749"]
[Annotator "Ansbach1-Postbauer2"]
[PlyCount "79"]
[EventDate "2005.11.20"]
[SourceDate "2005.10.17"]

1. e4 c5 2. Nf3 Nc6 3. d4 cxd4 4. Nxd4 Nf6 5. Nc3 d6 6. Be2 e5 7. Nb3 Be7 8.
O-O O-O 9. Bg5 a6 10. a3 h6 11. Bxf6 Bxf6 12. Qd3 Nd4 13. Nxd4 exd4 14. Nd5 Bd7
15. Rfd1 Bb5 16. Qd2 Rc8 17. Bxb5 axb5 18. Qd3 Rc5 19. Rac1 Re8 20. Nxf6+ Qxf6
21. Qxd4 Qxd4 22. Rxd4 Re6 23. c3 Kf8 24. f3 g6 25. Rcd1 Ke7 26. Rd5 b6 27. Kf2
f6 28. R1d4 Rxd5 29. Rxd5 Re5 30. Ke3 f5 31. Rd4 Ke6 32. Kd3 f4 33. Ke2 h5 34.
g3 g5 35. Kf2 fxg3+ 36. Kxg3 d5 37. f4 Rxe4 38. Rxe4+ dxe4 39. fxg5 Kf5 40. h4
1-0

[Event "Mittelfrankenliga 05/06 (B2b)"]
[Site "Mfr.2005/06-R2"]
[Date "2005.11.20"]
[Round "2.4"]
[White "Nahlik, Bernhard"]
[Black "Pfeiffer, Georg"]
[Result "1/2-1/2"]
[WhiteElo "1846"]
[BlackElo "1911"]
[Annotator "Ansbach1-Postbauer2"]
[PlyCount "68"]
[EventDate "2005.11.20"]
[SourceDate "2005.10.17"]

1. e4 c5 2. Nf3 e6 3. d4 cxd4 4. Nxd4 a6 5. Nc3 Nc6 6. Be3 Qc7 7. a4 Nf6 8. Bd3
Bb4 9. O-O Ne5 10. Nde2 O-O 11. Kh1 Nc4 12. Bxc4 Qxc4 13. Qd4 Qxd4 14. Bxd4 d6
15. f3 Bd7 16. Rfd1 Bc6 17. Na2 Bc5 18. Bxc5 dxc5 19. Nac3 Rfd8 20. Kg1 Kf8 21.
Kf2 b6 22. b3 Ke7 23. Rxd8 Rxd8 24. Rd1 Nd7 25. h3 Ne5 26. Rxd8 Kxd8 27. Ke3
Bb7 28. Nf4 Ke7 29. Nd3 Nc6 30. Ne2 Na5 31. Nb2 b5 32. Nc3 Bc6 33. axb5 Bxb5
34. Nxb5 axb5 1/2-1/2

[Event "Mittelfrankenliga 05/06 (B2b)"]
[Site "Mfr.2005/06-R2"]
[Date "2005.11.20"]
[Round "2.5"]
[White "Mueller, Rudolf[31]"]
[Black "Sommer, Dieter"]
[Result "1-0"]
[WhiteElo "1889"]
[BlackElo "1719"]
[Annotator "Ansbach1-Postbauer2"]
[PlyCount "59"]
[EventDate "2005.11.20"]
[SourceDate "2005.10.17"]

1. d4 e6 2. Nf3 c5 3. e3 d5 4. Nbd2 Nf6 5. c3 Bd6 6. Ne5 Bxe5 7. dxe5 Nfd7 8.
f4 O-O 9. Bd3 Qh4+ 10. g3 Qh3 11. Nf3 f6 12. Qe2 f5 13. Ng5 Qh6 14. c4 Nxe5 15.
fxe5 Qxg5 16. e4 Qd8 17. exd5 Na6 18. a3 Bd7 19. O-O Nc7 20. d6 Ne8 21. h4 h6
22. Qh5 Qb6 23. Bf4 Qxb2 24. Rad1 Qxa3 25. Qg6 Kh8 26. Bg5 hxg5 27. hxg5 Nf6
28. gxf6 Rxf6 29. exf6 gxf6 30. Rf4 1-0

[Event "Mittelfrankenliga 05/06 (B2b)"]
[Site "Mfr.2005/06-R2"]
[Date "2005.11.20"]
[Round "2.6"]
[White "Drechsler, Alfred"]
[Black "Stuermer, Martin"]
[Result "1/2-1/2"]
[WhiteElo "1711"]
[BlackElo "1864"]
[Annotator "Ansbach1-Postbauer2"]
[PlyCount "49"]
[EventDate "2005.11.20"]
[SourceDate "2005.10.17"]

1. d4 Nf6 2. c4 e6 3. Nc3 d5 4. Bg5 Be7 5. e3 O-O 6. Nf3 Nbd7 7. Rc1 c6 8. Bd3
dxc4 9. Bxc4 Nd5 10. Bxe7 Qxe7 11. O-O Nxc3 12. Rxc3 e5 13. Nxe5 Nxe5 14. dxe5
Qxe5 15. f4 Qe4 16. Bb3 Bf5 17. g4 Rad8 18. Qe2 Bc8 19. Bc2 Qe7 20. g5 f5 21.
h4 Rd6 22. Rd3 Rxd3 23. Bxd3 Be6 24. b3 Bd5 25. Kf2 1/2-1/2

[Event "Mittelfrankenliga 05/06 (B2b)"]
[Site "Mfr.2005/06-R2"]
[Date "2005.11.20"]
[Round "2.7"]
[White "Naegelein, Albert Franz"]
[Black "Weinert, Arno"]
[Result "1-0"]
[WhiteElo "1802"]
[BlackElo "1692"]
[Annotator "Ansbach1-Postbauer2"]
[PlyCount "95"]
[EventDate "2005.11.20"]
[SourceDate "2005.10.17"]

1. e4 c5 2. Nf3 d6 3. Bc4 e6 4. O-O Nc6 5. Re1 Be7 6. d4 cxd4 7. Nxd4 Nf6 8.
Nxc6 bxc6 9. Bb3 O-O 10. Qf3 e5 11. Nc3 Bg4 12. Qg3 Bh5 13. Ba4 Rc8 14. Qd3 Qa5
15. Bd2 Qb6 16. Be3 Qb7 17. f3 Bg6 18. Bb3 Rfd8 19. Qe2 Rd7 20. Na4 Rcd8 21.
Rad1 h6 22. Bf2 Nh5 23. g3 Nf6 24. c4 c5 25. Nc3 Qa6 26. Ba4 Rc7 27. Be3 Kh7
28. Rb1 Rb8 29. Red1 Qc8 30. Kg2 Rb4 31. a3 Rb8 32. Bc2 Rcb7 33. b3 Rc7 34. Bd2
Bf8 35. Rb2 Nd7 36. Nd5 Rc6 37. Ba5 Rb7 38. Rc1 Qb8 39. Rcb1 Kg8 40. Bd3 Nf6
41. Nxf6+ gxf6 42. f4 Bh7 43. f5 Bg7 44. Bc2 Rc8 45. Bd1 Rd7 46. Qd3 Qa8 47.
Bf3 Kh8 48. b4 1-0

[Event "Mittelfrankenliga 05/06 (B2b)"]
[Site "Mfr.2005/06-R2"]
[Date "2005.11.20"]
[Round "2.8"]
[White "Ditt, Norbert"]
[Black "Ceglar, Michael"]
[Result "1/2-1/2"]
[WhiteElo "1657"]
[BlackElo "1853"]
[Annotator "Ansbach1-Postbauer2"]
[PlyCount "35"]
[EventDate "2005.11.20"]
[SourceDate "2005.10.17"]

1. c4 e5 2. Nc3 Nc6 3. g3 g6 4. Bg2 Bg7 5. Nf3 d6 6. O-O f5 7. d3 Nf6 8. Rb1
O-O 9. a3 h6 10. e3 Kh7 11. b4 Ng4 12. Bb2 a6 13. Nd5 Be6 14. Qc1 e4 15. dxe4
Nge5 16. Nxe5 Nxe5 17. exf5 Bxf5 18. e4 1/2-1/2

[Event "Mittelfrankenliga 05/06 (B2b)"]
[Site "Mfr.2005/06-R2"]
[Date "2005.11.20"]
[Round "2.1"]
[White "Hetzner, Helmut"]
[Black "Fink, Martin"]
[Result "1-0"]
[WhiteElo "1934"]
[BlackElo "1875"]
[Annotator "Heideck1-SK Schwabach2"]
[PlyCount "89"]
[EventDate "2005.11.20"]
[SourceDate "2005.10.17"]

1. e4 c5 2. Nf3 Nc6 3. d4 cxd4 4. Nxd4 d6 5. c4 Nf6 6. Nc3 g6 7. Be2 Bg7 8. Be3
O-O 9. O-O Ne5 10. f3 Bd7 11. Qd2 Rc8 12. b3 a6 13. Rac1 Bc6 14. Rc2 b6 15.
Nxc6 Rxc6 16. Nd5 a5 17. Rfc1 h5 18. a3 Ned7 19. b4 e6 20. Nxf6+ Bxf6 21. Rd1
Be7 22. f4 Qb8 23. e5 Rfc8 24. b5 Rc5 25. exd6 Bf6 26. Bxc5 Rxc5 27. Bf3 Qd8
28. Qd3 Kg7 29. Bc6 Nb8 30. Qe4 Rf5 31. g3 Rc5 32. a4 e5 33. Rf2 exf4 34. Qxf4
Rf5 35. Qd2 Bg5 36. Qd3 Re5 37. Re2 Rc5 38. Re8 Nxc6 39. Rxd8 Nxd8 40. Re1 Ne6
41. h4 Bf6 42. d7 Bd8 43. Re4 Rf5 44. Qd6 Kg8 45. Qb8 1-0

[Event "Mittelfrankenliga 05/06 (B2b)"]
[Site "Mfr.2005/06-R2"]
[Date "2005.11.20"]
[Round "2.2"]
[White "Kirchner, Norbert jr."]
[Black "Greul, Hans"]
[Result "1-0"]
[WhiteElo "2060"]
[BlackElo "2029"]
[Annotator "Heideck1-SK Schwabach2"]
[PlyCount "67"]
[EventDate "2005.11.20"]
[SourceDate "2005.10.17"]

1. e4 e6 2. d4 d5 3. e5 c5 4. c3 Nc6 5. Nf3 Qb6 6. Bd3 Bd7 7. dxc5 Bxc5 8. O-O
a5 9. Qe2 Nge7 10. Nbd2 Qc7 11. Nb3 Bb6 12. Be3 Bxe3 13. Qxe3 Ng6 14. Rfe1 Rc8
15. h4 a4 16. Nbd4 Nxd4 17. Qxd4 a3 18. h5 axb2 19. Rab1 Ne7 20. Rxb2 O-O 21.
h6 Qxc3 22. hxg7 Kxg7 23. Rxb7 Qxd4 24. Nxd4 Rfd8 25. Reb1 Rc3 26. Bb5 Bxb5 27.
Rxe7 Bd7 28. Rb7 Rc4 29. Nxe6+ Bxe6 30. Rxe6 d4 31. Ree7 d3 32. Rxf7+ Kg8 33.
Rg7+ Kf8 34. e6 1-0

[Event "Mittelfrankenliga 05/06 (B2b)"]
[Site "Mfr.2005/06-R2"]
[Date "2005.11.20"]
[Round "2.3"]
[White "Oberndoerfer, Dieter"]
[Black "Platz, Stephan"]
[Result "1/2-1/2"]
[WhiteElo "1870"]
[BlackElo "1865"]
[Annotator "Heideck1-SK Schwabach2"]
[PlyCount "54"]
[EventDate "2005.11.20"]
[SourceDate "2005.10.17"]

1. Nf3 d6 2. d4 f5 3. c4 Nf6 4. Nc3 g6 5. e3 Bg7 6. Bd3 O-O 7. O-O Nc6 8. d5
Ne5 9. Be2 Nxf3+ 10. Bxf3 Rb8 11. Qc2 e5 12. dxe6 Bxe6 13. Nd5 Nd7 14. Nf4 Bf7
15. Bd5 Qe7 16. Bxf7+ Qxf7 17. Rb1 Ne5 18. b3 g5 19. Nd3 Qh5 20. Bb2 f4 21.
exf4 gxf4 22. Nxe5 Bxe5 23. f3 Rf6 24. Bxe5 dxe5 25. Rbd1 Rh6 26. h3 Qg5 27.
Kh1 Rd8 1/2-1/2

[Event "Mittelfrankenliga 05/06 (B2b)"]
[Site "Mfr.2005/06-R2"]
[Date "2005.11.20"]
[Round "2.4"]
[White "Wegmann, Wolfgang"]
[Black "Pechan, Willi"]
[Result "1-0"]
[WhiteElo "1725"]
[BlackElo "1797"]
[Annotator "Heideck1-SK Schwabach2"]
[PlyCount "101"]
[EventDate "2005.11.20"]
[SourceDate "2005.10.17"]

1. e4 e6 2. d4 d5 3. e5 c5 4. c3 Nc6 5. Nf3 Qb6 6. Bd3 Bd7 7. dxc5 Bxc5 8. O-O
Qc7 9. b4 Bb6 10. Qe2 a6 11. Bd2 Nge7 12. a4 Ng6 13. Re1 O-O 14. h4 f5 15. h5
Nh8 16. Be3 Bxe3 17. Qxe3 Be8 18. h6 Bg6 19. Ng5 Qe7 20. hxg7 Kxg7 21. f4 Nf7
22. Nxf7 Rxf7 23. Nd2 Bh5 24. Be2 Bxe2 25. Rxe2 Rg8 26. Nf3 Kh8 27. Ng5 Rfg7
28. Qh3 Rg6 29. Kf2 Qg7 30. Rh1 Rd8 31. Qxh7+ Qxh7 32. Rxh7+ Kg8 33. Rxb7 d4
34. Rc7 d3 35. Rd2 Nxe5 36. fxe5 Rxg5 37. b5 axb5 38. axb5 Rg7 39. Rxg7+ Kxg7
40. Ke3 Rd5 41. c4 Rxe5+ 42. Kxd3 Rc5 43. b6 Rc8 44. b7 Rb8 45. Rb2 Kf6 46. c5
Ke7 47. Kd4 Kd7 48. Rb6 Kc7 49. Ke5 Rxb7 50. Rxb7+ Kxb7 51. Kxe6 1-0

[Event "Mittelfrankenliga 05/06 (B2b)"]
[Site "Mfr.2005/06-R2"]
[Date "2005.11.20"]
[Round "2.5"]
[White "Hoerath, Michael"]
[Black "Reichmann, Ulrich"]
[Result "1-0"]
[WhiteElo "1781"]
[BlackElo "1908"]
[Annotator "Heideck1-SK Schwabach2"]
[PlyCount "44"]
[EventDate "2005.11.20"]
[SourceDate "2005.10.17"]

1. d4 Nf6 2. Nf3 e6 3. e3 c5 4. Be2 Ne4 5. O-O Nc6 6. d5 exd5 7. Qxd5 Nf6 8.
Qb3 Na5 9. Qa4 Be7 10. Bd2 Nc6 11. c4 O-O 12. Nc3 d5 13. cxd5 Nxd5 14. Nxd5
Qxd5 15. Rfd1 Qf5 16. Bc3 Qh5 17. Nd4 Bg4 18. Nxc6 Bxe2 19. Nxe7+ Kh8 20. Rd5
f5 21. Qd7 Rf7 22. Rxf5 Rxf5 1-0

[Event "Mittelfrankenliga 05/06 (B2b)"]
[Site "Mfr.2005/06-R2"]
[Date "2005.11.20"]
[Round "2.6"]
[White "Korth, Manfred,Dr."]
[Black "Heinrichmeier, Roland"]
[Result "1/2-1/2"]
[WhiteElo "1868"]
[BlackElo "1715"]
[Annotator "Heideck1-SK Schwabach2"]
[PlyCount "121"]
[EventDate "2005.11.20"]
[SourceDate "2005.10.17"]

1. c4 e6 2. Nc3 d5 3. cxd5 exd5 4. d4 Nf6 5. Nf3 Nc6 6. Bg5 Be7 7. e3 h6 8. Bh4
Rb8 9. Bd3 O-O 10. O-O Bg4 11. h3 Be6 12. Bg3 a6 13. Rc1 Bd6 14. Ne5 Ne7 15. f4
c6 16. Bh4 Nf5 17. Bf2 Nd7 18. g4 Ne7 19. f5 Nxf5 20. gxf5 Nxe5 21. dxe5 Bxe5
22. fxe6 fxe6 23. Qg4 Qd6 24. Ne2 Bxb2 25. Bg3 e5 26. Rxf8+ Rxf8 27. Rb1 Qf6
28. Rxb2 e4 29. Nd4 exd3 30. Qe6+ Qxe6 31. Nxe6 Re8 32. Nc5 Rxe3 33. Kf2 d4 34.
Rd2 b6 35. Nxd3 c5 36. Bc7 Rxh3 37. Bxb6 c4 38. Nf4 Rh2+ 39. Ng2 d3 40. Bd4 h5
41. Rd1 Rh3 42. Nf4 Rh4 43. Ke3 g5 44. Ng6 Rh3+ 45. Kd2 Rh2+ 46. Kc3 Rc2+ 47.
Kb4 h4 48. Ne5 h3 49. Nxc4 h2 50. Kb3 Rg2 51. Kc3 Rxa2 52. Kxd3 Rg2 53. Nd2 g4
54. Ke3 Rg1 55. Nf3 Rxd1 56. Nxh2 g3 57. Nf3 a5 58. Ke2 Rh1 59. Be5 a4 60. Bxg3
a3 61. Be5 1/2-1/2

[Event "Mittelfrankenliga 05/06 (B2b)"]
[Site "Mfr.2005/06-R2"]
[Date "2005.11.20"]
[Round "2.7"]
[White "Scheuerlein, Gerhard"]
[Black "Ruderer, Thomas"]
[Result "0-1"]
[WhiteElo "1683"]
[BlackElo "1732"]
[Annotator "Heideck1-SK Schwabach2"]
[PlyCount "145"]
[EventDate "2005.11.20"]
[SourceDate "2005.10.17"]

1. Nf3 Nf6 2. c4 d5 3. d4 e6 4. e3 Be7 5. Bd3 O-O 6. O-O Nbd7 7. Nc3 dxc4 8.
Bxc4 Nb6 9. Bb3 Bd7 10. Qe2 Nbd5 11. Bc2 Nxc3 12. bxc3 c5 13. Ne5 Rc8 14. Nxd7
Qxd7 15. Ba3 a6 16. Rfd1 c4 17. Bxe7 Qxe7 18. e4 Qa3 19. Qd2 Rfd8 20. Rdb1 Qe7
21. a4 Rc7 22. h3 Qc5 23. Qf4 Qe7 24. Qh4 g6 25. Rb6 Nd5 26. Qxe7 Nxe7 27. Rab1
Rdd7 28. Bd1 Nc8 29. R6b4 Na7 30. Be2 b5 31. axb5 Nxb5 32. Rc1 Nd6 33. f3 Rb7
34. Rcb1 Nb5 35. Bxc4 Rbc7 36. Bxb5 axb5 37. Rc1 Rd8 38. Kf2 Rdc8 39. Rxb5 Rxc3
40. Rxc3 Rxc3 41. Rc5 Ra3 42. Rc4 Ra2+ 43. Kg3 Rd2 44. e5 g5 45. f4 gxf4+ 46.
Kxf4 Rxg2 47. Rc3 Rh2 48. Rd3 h6 49. Kg3 Ra2 50. Kh4 Rg2 51. Kh5 Kg7 52. Rf3
Rd2 53. Rf4 Rd3 54. h4 Rd2 55. Kg4 Kg6 56. Kf3 h5 57. Ke3 Rd1 58. Rf6+ Kg7 59.
Rf2 Rg1 60. Kd3 Rg4 61. Rh2 Kg6 62. Kc4 Kf5 63. Rf2+ Rf4 64. Rxf4+ Kxf4 65. Kd3
Kg4 66. Ke4 Kxh4 67. Kf4 Kh3 68. Kf3 h4 69. Kf2 Kg4 70. Kg2 Kf4 71. Kh3 Ke4 72.
Kxh4 Kxd4 73. Kg5 0-1